Central Library OPAC University of Rajshahi

Androcles and the lion Overruled Pygmalion / (Record no. 55197)

MARC details
000 -LEADER
fixed length control field 00717nam a2200241 a 4500
001 - CONTROL NUMBER
control field 55197
003 - CONTROL NUMBER IDENTIFIER
rucl marc code BD-RjUL
005 - DATE AND TIME OF LATEST TRANSACTION
control field 20211209080229.0
008 - FIXED-LENGTH DATA ELEMENTS--GENERAL INFORMATION
fixed length control field 161115r19511936enk||||| |||| 00| 0 eng d
035 ## - SYSTEM CONTROL NUMBER
System control number (BD-RjUL)55319
040 ## - CATALOGING SOURCE
Original cataloging agency BD-RjUL
Language of cataloging eng
Transcribing agency BD-RjUL
041 ## - LANGUAGE CODE
Language code of text/sound track or separate title eng
082 ## - DEWEY DECIMAL CLASSIFICATION NUMBER
Edition number 23
Classification number 822.9
Author mark and year SHA 1951
100 1# - MAIN ENTRY--PERSONAL NAME
Personal name Shaw, Bernard
9 (RLIN) 164464
245 10 - TITLE STATEMENT
Title Androcles and the lion Overruled Pygmalion /
Statement of responsibility, etc. Bernard Shaw
250 ## - EDITION STATEMENT
Edition statement Standard ed.
260 ## - PUBLICATION, DISTRIBUTION, ETC. (IMPRINT)
Place of publication, distribution, etc. London :
Name of publisher, distributor, etc. Constable and Company,
Date of publication, distribution, etc. 1951
300 ## - PHYSICAL DESCRIPTION
Pagination viii, 306 p. ;
Size 20 cm
650 ## - SUBJECT ADDED ENTRY--TOPICAL TERM
Topical term or geographic name as entry element Speech and social status
General subdivision Drama
9 (RLIN) 164465
Topical term or geographic name as entry element Linguistics teachers
General subdivision Drama.
9 (RLIN) 164466
Topical term or geographic name as entry element Linguists
General subdivision Drama.
9 (RLIN) 164467
942 ## - ADDED ENTRY ELEMENTS (KOHA)
Source of classification or shelving scheme Dewey Decimal Classification
Koha item type Books
Holdings
Lost status Source of classification or shelving scheme Damaged status Not for loan Collection code Permanent Location Current Location Shelving location Date acquired Source of acquisition Cost, normal purchase price Total Checkouts Full call number Date last seen Copy number Koha item type
  Dewey Decimal Classification     Non-fiction Central Library, University of Rajshahi Central Library, University of Rajshahi   04/08/1956 sweit & zeitlinger 126.00   822.9 SHA 1951 15/11/2016 C-2 Books